100 joueurs croates avec la plus grosse valeur marchande - Statistiques

Statistiques générales
  • Ce quiz a été pris 68 fois
  • Le résultat moyen est 14 sur 100
Statistiques - réponses
Club Prix Réponse % Correct
Real Madrid 10 millions Luka Modric
93%
Manchester City 75 millions Josko Gvardiol
90%
Manchester City 38 millions Mateo Kovacic
81%
Al-Nassr 25 millions Marcelo Brozovic
80%
Wolfsbourg 20 millions Lovro Majer
71%
Tottenham 7 millions Ivan Perisic
64%
Hoffenheim 8 millions Andrej Kramaric
58%
Fenerbahce 12 millions Dominik Livakovic
56%
Atalanta 20 millions Mario Pasalic
47%
Seville FC 4 millions Ivan Rakitic
46%
Olympique Lyonnais 2,5 millions Dejan Lovren
44%
Bayer Leverkusen 12 millions Josip Stanisic
44%
Trabzonspor 5 millions Mislav Orsic
41%
AEK Athenes 1,8 millions Domagoj Vida
39%
Olympique Lyonnais 11 millions Duje Caleta-Car
37%
Ajax Amsterdam 12 millions Borna Sosa
32%
Torino 17 millions Nikola Vlasic
32%
Dinamo Zagreb 2,5 millions Bosko Sutalo
27%
Ajax Amsterdam 18 millions Josip Sutalo
27%
Union Berlin 12 millions Josip Juranovic
25%
Besiktas 6 millions Ante Rebic
22%
Dinamo Zagreb 5 millions Bruno Petkovic
19%
Fiorentina 5 millions Josip Brekalo
19%
RB Salzburg 18 millions Luka Sucic
19%
HNK Rijeka 1,7 millions Marko Pjaca
15%
Rangers 6,5 millions Borna Barisic
14%
Feyenoord 12 millions Luka Ivanusec
14%
Osasuna 6 millions Ante Budimir
12%
Atletico Madrid 3,5 millions Ivo Grbic
12%
Eintracht Francfort 7 millions Kristijan Jakic
12%
SL Benfica 7 millions Petar Musa
12%
Salernitana 7 millions Domagoj Bradaric
10%
Zrinjski Mostar 1,2 millions Filip Bradaric
10%
Hajduk Split 6 millions Luka Vuskovic
10%
Parme 5 millions Antonio Colak
8%
Lecce 4 millions Marin Pongracic
8%
Hajduk Split 8 millions Marko Livaja
8%
Cagliari 1,7 millions Marko Rog
8%
Sassuolo 5 millions Martin Erlic
8%
Pafos FC 3 millions Ivica Ivusic
7%
Dinamo Zagreb 3,5 millions Josip Misic
7%
NK Osijek 1,5 millions Kristijan Lovric
7%
Dinamo Zagreb 15 millions Martin Baturina
7%
Bologne 6,5 millions Nikola Moro
7%
Lech Poznan 1,8 millions Antonio Milic
5%
Augsbourg 6,5 millions Dion Beljo
5%
Trabzonspor 2,2 millions Filip Benkovic
5%
Hajduk Split 4,5 millions Filip Krovinovic
5%
Hajduk Split 2 millions Filip Uremovic
5%
HNK Rijeka 2,8 millions Nediljko Labrovic
5%
Lazio Rome 6 millions Toma Basic
5%
Darmstadt 3 millions Bartol Franjic
3%
Dinamo Zagreb 3,5 millions Dario Spikic
3%
Dinamo Zagreb 4,5 millions Dino Peric
3%
Birmingham City 1,5 millions Ivan Sunjic
3%
Fortuna Sittard 2 millions Ivor Pandur
3%
LASK Linz 3,5 millions Marin Ljubicic
3%
Pafos FC 2 millions Petar Bockaj
3%
Dinamo Zagreb 3,5 millions Robert Ljubicic
3%
RB Salzburg 5 millions Roko Simic
3%
Los Angeles FC 6,5 millions Stipe Biuk
3%
Panathinaikos 2,5 millions Tim Jedvaj
3%
Dinamo Zagreb 1,8 millions Antonio Marin
2%
Real Salt Lake City 1,2 millions Damir Kreilach
2%
Hajduk Split 2,5 millions Dario Melnjak
2%
Augsbourg 1,5 millions David Colina
2%
PAOK Salonique 2,5 millions Dominik Kotarski
2%
Rakow Czestochowa 4 millions Fran Tudor
2%
Dinamo Zagreb 2,5 millions Gabriel Vidovic
2%
Eintracht Francfort 4 millions Hrvoje Smolcic
2%
FC St.Pauli 2 millions Jakov Medic
2%
Baltika 2,5 millions Kristijan Bistrovic
2%
Dinamo Zagreb 4,5 millions Lukas Kacavenda
2%
Dinamo Zagreb 2,5 millions Marko Bulat
2%
Dinamo Zagreb 3 millions Mauro Perkovic
2%
1. FC Kaiserslautern 1,5 millions Nikola Soldo
2%
Konyaspor 2,7 millions Robert Muric
2%
HNK Rijeka 2 millions Toni Fruk
2%
Trabzonspor 1,5 millions Tonio Teklic
2%
Rakow Czestochowa 1,8 millions Zoran Arsenic
2%
Ural 1,2 millions Danijel Miskic
0%
Portland Timbers 1,5 millions Dario Zuparic
0%
NK Osijek 1,6 millions Darko Nejasmic
0%
Sepsi OSK 1,4 millions Gabriel Debeljuh
0%
Riga FC 2 millions Hrvoje Babec
0%
Backa Topola 1,5 millions Josip Calusic
0%
Brondby 1,5 millions Josip Radosevic
0%
HNK Gorica 2,5 millions Jurica Prsic
0%
HNK Gorica 1,8 millions Kresimir Krizmanic
0%
Charlotte FC 1,5 millions Kristijan Kahlina
0%
Bayern Munich 1,5 millions Lovro Zvonarek
0%
Dinamo Zagreb 1,5 millions Luka Stojkovic
0%
Al-Tai 2,5 millions Marko Dugandzic
0%
Slovan Bratislava 1,3 millions Marko Tolic
0%
Westerlo 3,5 millions Matija Frigan
0%
Hajduk Split 3 millions Mihael Zaper
0%
NK Osijek 1,8 millions Mijo Catkas
0%
Dinamo Zagreb 2 millions Sandro Kulenovic
0%
Ural 1,5 millions Silvije Begic
0%
HNK Rijeka 3 millions Veldin Hodza
0%
Aucun quiz correspondant
Distribution des résultats
% des personnes avec chaque résultat
Percentile par nombre de réponses
Votre historique - résultats
Vous n’avez pas pris ce quiz